| 000 -LEADER |
| fixed length control field |
00907nam a22001937a 4500 |
| 005 - DATE AND TIME OF LATEST TRANSACTION |
| control field |
20250708112601.0 |
| 008 - FIXED-LENGTH DATA ELEMENTS--GENERAL INFORMATION |
| fixed length control field |
250708b xxu||||| |||| 00| 0 geo d |
| 020 ## - INTERNATIONAL STANDARD BOOK NUMBER |
| International Standard Book Number |
9780534237783 x |
| Qualifying information |
0534237789 x |
| 041 ## - LANGUAGE CODE |
| Language code of text/sound track or separate title |
eng |
| 080 ## - UNIVERSAL DECIMAL CLASSIFICATION NUMBER |
| Universal Decimal Classification number |
577.2 W-81 |
| 100 ## - MAIN ENTRY--PERSONAL NAME |
| Personal name |
Wolfe, Stephen L |
| 9 (RLIN) |
25622 |
| 245 ## - TITLE STATEMENT |
| Title |
An introduction to cell and molecular biology / |
| Statement of responsibility, etc. |
Stephen L. Wolfe. |
| 264 ## - PRODUCTION, PUBLICATION, DISTRIBUTION, MANUFACTURE, AND COPYRIGHT NOTICE |
| Place of production, publication, distribution, manufacture |
Belmont : |
| Name of producer, publisher, distributor, manufacturer |
Wadsworth Pub. Co. |
| Date of production, publication, distribution, manufacture, or copyright notice |
1995. |
| 300 ## - PHYSICAL DESCRIPTION |
| Extent |
xvii, 820 p. : |
| Other physical details |
ill. (some col.) ; |
| Dimensions |
29 cm. |
| 653 ## - INDEX TERM--UNCONTROLLED |
| keyword |
An introduction to cell and molecular biology |
| 653 ## - INDEX TERM--UNCONTROLLED |
| keyword |
შესავალი უჯრედულ და მოლეკულურ ბიოლოგიაში |
| 653 ## - INDEX TERM--UNCONTROLLED |
| keyword |
Aiming to remain balanced and integrated, this text offers a treatment of molecular biology, cell biology and biochemistry, and covers all of the topics in Wolfe's "Molecular and Cell Biology". |
| 942 ## - ADDED ENTRY ELEMENTS (KOHA) |
| Source of classification or shelving scheme |
|
| Koha item type |
წიგნი |